[Event "MMK 2013 - OPEN"]
[Site "ul.Reymonta 22 - Krakow"]
[Date "2013.08.12"]
[Round "6.3"]
[White "Shilov, Sergej"]
[Black "Adamowicz, Katarzyna"]
[Result "1-0"]
[WhiteElo "2206"]
[BlackElo "2112"]
[PlyCount "57"]
[EventDate "2013.??.??"]

1. c4 c6 2. e4 d5 3. exd5 cxd5 4. cxd5 Qxd5 5. Nc3 Qa5 6. d4 Nf6 7. Nf3 e6 8.
Bd3 Nc6 9. O-O Bd6 10. Bg5 Nd5 11. Re1 O-O 12. Re4 Nde7 13. Bd2 Ng6 14. a3 Qd8
15. h4 f5 16. Bg5 Be7 17. Bxe7 Qxe7 18. Re1 Nxh4 19. d5 Nxf3+ 20. Qxf3 Nd4 21.
Qe3 Qf6 22. Rad1 Re8 23. Bb1 Nb3 24. Nb5 Na5 25. Nc7 Bd7 26. Nxa8 Nc4 27. Qxa7
Nxb2 28. Nc7 Rc8 29. dxe6 1-0

[Event "MMK 2013 - OPEN"]
[Site "ul.Reymonta 22 - Krakow"]
[Date "2013.08.12"]
[Round "6.4"]
[White "Mariano, Elia"]
[Black "Skomial, Mateusz"]
[Result "1/2-1/2"]
[WhiteElo "2177"]
[BlackElo "2014"]
[PlyCount "142"]
[EventDate "2013.??.??"]

1. d4 d5 2. c4 e6 3. Nc3 Nf6 4. cxd5 exd5 5. Bg5 Be7 6. e3 O-O 7. Bd3 b6 8.
Bxf6 Bxf6 9. Qh5 g6 10. Qxd5 c6 11. Qxd8 Rxd8 12. Nge2 Bb7 13. Be4 Bg7 14. O-O
Nd7 15. b4 Rab8 16. Rab1 f5 17. Bf3 Nf6 18. Rfc1 Bf8 19. Nf4 Rdc8 20. Nd3 Bd6
21. a4 g5 22. b5 c5 23. dxc5 Bxc5 24. Nxc5 Rxc5 25. Bxb7 Rxb7 26. Ne2 Rbc7 27.
Rxc5 Rxc5 28. Rc1 Rxc1+ 29. Nxc1 Kf7 30. Nd3 Ke6 31. Kf1 Nd5 32. Ke1 Nc3 33.
Nb2 Kd5 34. Kd2 Ne4+ 35. Ke2 Kc5 36. f3 Nd6 37. Kd3 Kb4 38. e4 fxe4+ 39. fxe4
Ka3 40. e5 Nc8 41. Nc4+ Kxa4 42. Nd6 Ne7 43. Kc4 h5 44. e6 Ka5 45. h3 h4 46.
Nb7+ Ka4 47. Nd6 Ka5 48. Nf7 a6 49. bxa6 Kxa6 50. Nxg5 Kb7 51. Kd4 Kc6 52. Ke5
b5 53. Kf6 Nd5+ 54. Kf7 b4 55. Nf3 Kd6 56. Nd2 Ke5 57. e7 Nc7 58. Nc4+ Kd4 59.
Nb6 b3 60. Na8 Nb5 61. Ke6 b2 62. e8=Q b1=Q 63. Qh8+ Ke3 64. Qh6+ Ke2 65. Qh5+
Kf1 66. Qf3+ Kg1 67. Kf6 Qb2+ 68. Kg5 Qxg2+ 69. Qxg2+ Kxg2 70. Kxh4 Nd4 71. Kg4
Nf3 1/2-1/2

[Event "MMK 2013 - OPEN"]
[Site "ul.Reymonta 22 - Krakow"]
[Date "2013.08.12"]
[Round "6.5"]
[White "Kumor, Lukasz"]
[Black "Lach, Piotr"]
[Result "1/2-1/2"]
[WhiteElo "2131"]
[BlackElo "2166"]
[PlyCount "45"]
[EventDate "2013.??.??"]

1. e4 c5 2. Nf3 d6 3. d4 cxd4 4. Nxd4 Nf6 5. Nc3 Bd7 6. Be2 e5 7. Ndb5 Bc6 8.
Bg5 a6 9. Bxf6 gxf6 10. Na3 f5 11. Bf3 f4 12. O-O Nd7 13. Nc4 Qc7 14. a4 Rd8
15. Nd5 Bxd5 16. Qxd5 Nf6 17. Qd3 Be7 18. Rad1 b6 19. g4 b5 20. axb5 axb5 21.
Na3 b4 22. Nc4 O-O 23. b3 1/2-1/2

[Event "MMK 2013 - OPEN"]
[Site "ul.Reymonta 22 - Krakow"]
[Date "2013.08.12"]
[Round "6.6"]
[White "Jedras, Piotr"]
[Black "Gbyl, Andrzej"]
[Result "0-1"]
[WhiteElo "2008"]
[BlackElo "2198"]
[PlyCount "90"]
[EventDate "2013.??.??"]

1. e4 d5 2. exd5 Qxd5 3. Nf3 Nf6 4. d4 Bg4 5. Be2 Nc6 6. c4 Qf5 7. Be3 e5 8.
dxe5 Bb4+ 9. Bd2 Bxf3 10. Bxf3 Qxe5+ 11. Qe2 Qxe2+ 12. Bxe2 O-O-O 13. Nc3 Nd4
14. Rc1 Rhe8 15. Be3 Nf5 16. Bg5 Rd6 17. Bxf6 Rxf6 18. Kf1 Bxc3 19. Rxc3 Rfe6
20. g4 Rxe2 21. gxf5 Rxb2 22. Rg1 g6 23. fxg6 hxg6 24. Rf3 Re7 25. a3 Rb1+ 26.
Kg2 Rxg1+ 27. Kxg1 Kd7 28. Rf6 Re1+ 29. Kg2 Ke7 30. Rf3 Re4 31. Rb3 b6 32. Rc3
Kd6 33. Rd3+ Kc6 34. Rf3 f5 35. Rg3 Rg4 36. Rxg4 fxg4 37. Kg3 b5 38. Kxg4 bxc4
39. Kf4 Kb5 40. Ke3 Ka4 41. Kd2 Kxa3 42. Kc1 g5 43. f4 gxf4 44. h4 f3 45. Kd2
c3+ 0-1

[Event "MMK 2013 - OPEN"]
[Site "ul.Reymonta 22 - Krakow"]
[Date "2013.08.12"]
[Round "6.7"]
[White "Jakubiec, Edyta"]
[Black "Mihopoulos, Konstantinos"]
[Result "0-1"]
[WhiteElo "2216"]
[BlackElo "2036"]
[PlyCount "84"]
[EventDate "2013.??.??"]

1. e4 Nf6 2. d3 Nc6 3. Nd2 e5 4. Be2 d5 5. Ngf3 Bc5 6. O-O O-O 7. c3 a6 8. b4
Ba7 9. a3 Bg4 10. Bb2 Qe7 11. Qc2 Rad8 12. h3 Bh5 13. Rfd1 Rd7 14. a4 Rfd8 15.
b5 Nb8 16. Ba3 Bc5 17. Bxc5 Qxc5 18. g4 dxe4 19. Nxe4 Nxe4 20. dxe4 Bg6 21.
Rxd7 Rxd7 22. bxa6 Nxa6 23. Rb1 Rd8 24. Rxb7 Qc6 25. Bxa6 Bxe4 26. Rxc7 Qa8 27.
Qa2 Bd5 28. Bb7 Bxa2 29. Bxa8 Rxa8 30. Nxe5 h5 31. g5 Be6 32. Kg2 Rxa4 33. Nf3
Kh7 34. Rc5 Kg6 35. Nd4 Bd7 36. f4 h4 37. Nf3 Ra2+ 38. Kg1 Bxh3 39. Ne5+ Kf5
40. Nd3+ Kg4 41. Re5 Rg2+ 42. Kh1 Rg3 0-1

[Event "MMK 2013 - OPEN"]
[Site "ul.Reymonta 22 - Krakow"]
[Date "2013.08.12"]
[Round "6.8"]
[White "Sanetra, Krzysztof"]
[Black "Gola, Karol"]
[Result "0-1"]
[WhiteElo "1981"]
[BlackElo "2184"]
[PlyCount "35"]
[EventDate "2013.??.??"]

1. e4 c5 2. Nf3 e6 3. d4 cxd4 4. Nxd4 a6 5. Nc3 Qc7 6. Bd3 Nf6 7. Be3 b5 8. O-O
b4 9. Na4 d5 10. e5 Ne4 11. c3 bxc3 12. Rc1 Nd7 13. Bxe4 dxe4 14. Rxc3 Qxe5 15.
Nc6 Qf6 16. Nb6 Nxb6 17. Bd4 Qg5 18. Rg3 {unrd} 0-1

[Event "MMK 2013 - OPEN"]
[Site "ul.Reymonta 22 - Krakow"]
[Date "2013.08.12"]
[Round "6.9"]
[White "Lach, Aleksandra"]
[Black "Wozniak, Mariola"]
[Result "0-1"]
[WhiteElo "2161"]
[BlackElo "2028"]
[PlyCount "166"]
[EventDate "2013.??.??"]

1. e4 d6 2. d4 Nf6 3. Nc3 Nbd7 4. Nf3 e5 5. g4 exd4 6. Qxd4 Nxg4 7. Bf4 Nc5 8.
Bc4 Be6 9. Be2 Be7 10. h3 Nf6 11. O-O-O Nfd7 12. Qe3 O-O 13. Kb1 Re8 14. Nd4
Bf6 15. Qg3 Be5 16. Bxe5 dxe5 17. Nxe6 Nxe6 18. Rhg1 g6 19. Bg4 c6 20. Bxe6
Rxe6 21. Qd3 Re7 22. Qd6 Qf8 23. h4 Nb6 24. h5 Ree8 25. hxg6 fxg6 26. Qd2 Nc4
27. Qd3 b5 28. b3 Rab8 29. Ka1 Nb6 30. Qg3 Qf4 31. Qg2 Rf8 32. Rd6 Rf6 33. Rxf6
Qxf6 34. Nd1 Rf8 35. Qh3 Kg7 36. Rh1 h5 37. Rg1 Qf4 38. Kb1 Kh7 39. Qe6 Qf6 40.
Qh3 Rf7 41. Qg3 Nd7 42. Ne3 Nf8 43. Nd1 Qf4 44. Qg2 Rd7 45. Nb2 Rd4 46. Re1 Ne6
47. Nd3 Qf6 48. Rg1 c5 49. f3 c4 50. Nxe5 Nf4 51. Qg5 Qxg5 52. Rxg5 c3 53. Nd3
Nxd3 54. cxd3 Rxd3 55. f4 b4 56. f5 Rd1+ 57. Kc2 Rd2+ 58. Kc1 gxf5 59. Rxh5+
Kg6 60. Rxf5 Rxa2 61. Rb5 a5 62. Kb1 Rb2+ 63. Kc1 Rxb3 64. Rxa5 Ra3 65. Rc5 Ra2
66. Rc6+ Kf7 67. e5 Ke7 68. e6 Rb2 69. Kd1 Rb1+ 70. Kc2 Rb2+ 71. Kd1 Rd2+ 72.
Kc1 Rd6 73. Rc7+ Kxe6 74. Rb7 Rd4 75. Kc2 Rd2+ 76. Kc1 Rb2 77. Rc7 Kd5 78. Rc8
Kd4 79. Rc7 Rh2 80. Rc8 b3 81. Rd8+ Ke5 82. Re8+ Kd6 83. Re1 Ra2 0-1

[Event "MMK 2013 - OPEN"]
[Site "ul.Reymonta 22 - Krakow"]
[Date "2013.08.12"]
[Round "6.10"]
[White "Kyc, Jerzy"]
[Black "Watorek, Marcin"]
[Result "0-1"]
[WhiteElo "1951"]
[BlackElo "2116"]
[PlyCount "174"]
[EventDate "2013.??.??"]

1. e4 c5 2. Nf3 d6 3. d4 cxd4 4. Nxd4 Nf6 5. Nc3 Nc6 6. Bg5 e6 7. Qd2 a6 8. Bc4
Be7 9. f3 Nxd4 10. Qxd4 b5 11. Bb3 Bb7 12. O-O-O O-O 13. g4 Rc8 14. h4 Qc7 15.
h5 Qc5 16. Be3 Qxd4 17. Bxd4 Nd7 18. a3 Nc5 19. Ba2 Bc6 20. b4 Nd7 21. Kb2 Ne5
22. Rhf1 Ra8 23. Bb6 Rfc8 24. Bd4 Be8 25. Ne2 Nc4+ 26. Bxc4 Rxc4 27. c3 Rac8
28. Rd3 a5 29. Rfd1 a4 30. Be3 e5 31. Ng3 g6 32. Rh1 Bd7 33. Nf1 Be6 34. Rg1
Rd8 35. Bb6 Rb8 36. Bf2 Rc6 37. Ne3 Rbc8 38. Be1 Bg5 39. Nd5 Bxd5 40. Rxd5 Rb8
41. Rg2 Be7 42. Rgd2 Rc4 43. R2d3 f5 44. Re3 Kf7 45. hxg6+ hxg6 46. gxf5 gxf5
47. Kc2 Ke6 48. Kd3 Rcc8 49. Re2 Rh8 50. Rg2 Rh3 51. Rg3 Rh1 52. Bd2 f4 53.
Rg6+ Kf7 54. Rg2 Ra1 55. Rh2 Rxa3 56. Rh7+ Ke6 57. Be1 Ra1 58. Rh6+ Kd7 59. Ke2
a3 60. c4 a2 61. Bc3 Rc1 62. Bxe5 bxc4 63. Bxd6 Rc2+ 64. Kd1 a1=Q+ 65. Kxc2
Qa2+ 66. Kc3 Qb3+ 67. Kd4 Qd3+ 68. Ke5 Qc3+ 69. Kf5 Rf8+ 70. Kg4 Qg7+ 71. Kh5
Qf7+ 72. Kg4 Qxd5 73. exd5 Bxd6 74. b5 c3 75. Rh7+ Be7 76. Rh2 Kd6 77. Rc2 Bf6
78. Kxf4 Kxd5 79. Ke3 Kc4 80. b6 Bd4+ 81. Ke4 Re8+ 82. Kf5 Bxb6 83. f4 Kd3 84.
Rc1 Be3 85. Rd1+ Kc2 86. Rh1 Rf8+ 87. Ke4 Rxf4+ 0-1

[Event "MMK 2013 - OPEN"]
[Site "ul.Reymonta 22 - Krakow"]
[Date "2013.08.12"]
[Round "6.11"]
[White "Molenda, Marcin"]
[Black "Bus, Konrad"]
[Result "0-1"]
[WhiteElo "1866"]
[BlackElo "2066"]
[PlyCount "68"]
[EventDate "2013.??.??"]

1. e4 c6 2. c4 d5 3. exd5 cxd5 4. cxd5 Qxd5 5. d4 e6 6. Nf3 Nf6 7. Nc3 Qd8 8.
Bc4 Be7 9. O-O Nc6 10. a3 O-O 11. Bg5 b6 12. Qd3 Bb7 13. Rfd1 Nd5 14. Bd2 Nxc3
15. bxc3 Rc8 16. Ba2 Bf6 17. Rac1 g6 18. Bh6 Bg7 19. Bxg7 Kxg7 20. Qe3 Qf6 21.
Ng5 Ne7 22. Ne4 Bxe4 23. Qxe4 Rc7 24. Rd3 Qf5 25. Qe3 b5 26. Qg3 Rfc8 27. Rf3
Qe4 28. Rf1 Nf5 29. Qh3 Qh4 30. g4 Qxh3 31. Rxh3 Nd6 32. Rc1 Ne4 33. Kg2 Nxc3
34. Bb3 Ne2 0-1

[Event "MMK 2013 - OPEN"]
[Site "ul.Reymonta 22 - Krakow"]
[Date "2013.08.12"]
[Round "6.12"]
[White "Marczuk, Dominik"]
[Black "Magan Gonzalez, Alberto"]
[Result "1-0"]
[WhiteElo "2049"]
[BlackElo "1861"]
[PlyCount "85"]
[EventDate "2013.??.??"]

1. e4 c5 2. Nf3 d6 3. Bc4 e6 4. O-O Nc6 5. Re1 Nf6 6. Bb3 Qc7 7. c3 a6 8. d3
Be7 9. Nbd2 O-O 10. Nf1 b5 11. d4 cxd4 12. cxd4 Na5 13. e5 dxe5 14. dxe5 Nd7
15. Bc2 Rd8 16. Ng5 Nf8 17. Qf3 Bb4 18. Re2 Bb7 19. Qh3 g6 20. Ne4 Bxe4 21.
Bxe4 Rac8 22. Bg5 Rd4 23. Bf6 Nd7 24. Bxg6 Nxf6 25. Bb1 Rd1 26. Bxh7+ Nxh7 27.
Rxd1 Kh8 28. a3 Be7 29. Qh5 Rg8 30. Qxf7 Qc6 31. Ng3 Rg7 32. Qf4 Nc4 33. Qe4
Qc7 34. Rc1 Qa7 35. b3 Na5 36. Rc8+ Rg8 37. Rxg8+ Kxg8 38. Qg6+ Kh8 39. Nh5 Bf8
40. Nf6 Nxf6 41. Qxf6+ Qg7 42. Qxe6 Bxa3 43. Re3 1-0

[Event "MMK 2013 - OPEN"]
[Site "ul.Reymonta 22 - Krakow"]
[Date "2013.08.12"]
[Round "6.13"]
[White "Nester, Ihor"]
[Black "Lopuszanski, Kamil"]
[Result "1-0"]
[WhiteElo "2306"]
[BlackElo "1879"]
[PlyCount "123"]
[EventDate "2013.??.??"]

1. Nf3 Nf6 2. c4 e6 3. g3 b6 4. Bg2 Bb7 5. O-O Be7 6. Nc3 O-O 7. Re1 d5 8. cxd5
exd5 9. d4 Nbd7 10. Bf4 c5 11. Ne5 Re8 12. Nc4 Bc6 13. dxc5 Nxc5 14. Ne3 Nce4
15. Be5 Bb4 16. Bd4 Qd7 17. Qb3 Bxc3 18. bxc3 Rac8 19. Qb4 h5 20. f3 Nc5 21.
Bxf6 gxf6 22. Qf4 Qc7 23. Qxf6 Qe5 24. Qxe5 Rxe5 25. Kf2 Rce8 26. Nc2 Ba4 27.
Nd4 Kf8 28. h4 f6 29. Kf1 R5e7 30. Rac1 Rd7 31. Bh3 Rdd8 32. Bf5 Kf7 33. Bc2
Bxc2 34. Rxc2 Rd7 35. Rd1 Nb7 36. Nb3 Red8 37. c4 dxc4 38. Rxd7+ Rxd7 39. Rxc4
Ke6 40. Rc8 a5 41. Rc6+ Rd6 42. Rxd6+ Kxd6 43. Kf2 a4 44. Nd2 Kc5 45. g4 Kb4
46. gxh5 Nd6 47. h6 Nf7 48. h7 b5 49. Ne4 Nh8 50. Ke3 Ka3 51. Kd2 Kxa2 52. Nc3+
Kb3 53. Nxb5 Kb4 54. Nc3 a3 55. Kd3 Kb3 56. e4 Kb4 57. Kd4 Ka5 58. Kc5 Ka6 59.
f4 Kb7 60. Kd6 Kc8 61. Ke6 Kc7 62. Nb5+ 1-0

[Event "MMK 2013 - OPEN"]
[Site "ul.Reymonta 22 - Krakow"]
[Date "2013.08.12"]
[Round "6.14"]
[White "Mucha, Roman"]
[Black "Gawle, Ireneusz"]
[Result "1-0"]
[WhiteElo "2190"]
[BlackElo "1925"]
[PlyCount "37"]
[EventDate "2013.??.??"]

1. b3 Nf6 2. Bb2 d5 3. e3 Nc6 4. Bb5 Bf5 5. f4 e6 6. Nf3 Be7 7. Ne5 O-O 8. Bxc6
bxc6 9. Nxc6 Qd6 10. Nxe7+ Qxe7 11. O-O Rfc8 12. d3 Qc5 13. Qe2 Qb6 14. Nd2 c5
15. Bxf6 gxf6 16. g4 Bxg4 17. Qxg4+ Kh8 18. Kh1 Rg8 19. Qh4 1-0

[Event "MMK 2013 - OPEN"]
[Site "ul.Reymonta 22 - Krakow"]
[Date "2013.08.12"]
[Round "6.15"]
[White "Mirski, Michal"]
[Black "Xylogiannopoulos, Antonios"]
[Result "0-1"]
[WhiteElo "1864"]
[BlackElo "2146"]
[PlyCount "110"]
[EventDate "2013.??.??"]

1. e4 e5 2. Bc4 Nf6 3. d3 Bc5 4. Nf3 Nc6 5. O-O d6 6. c3 a6 7. Bb3 Ba7 8. Nbd2
O-O 9. Re1 Ng4 10. Re2 Kh8 11. Nf1 f5 12. Bg5 Qe8 13. exf5 Bxf5 14. Ng3 Qg6 15.
Bc2 d5 16. Qd2 h6 17. Bh4 Nxf2 18. Rxf2 Bxf2+ 19. Kxf2 Bg4 20. Ne2 Bxf3 21.
gxf3 Qg4 22. Bg3 Rxf3+ 23. Kg2 Raf8 24. Ng1 R3f6 25. Bd1 Qg6 26. Nf3 e4 27.
dxe4 Qxe4 28. Qf2 g5 29. h3 h5 30. Qe2 Rxf3 31. Qxe4 dxe4 32. Bxf3 exf3+ 33.
Kf2 Rf7 34. Re1 Kg7 35. Re3 Nd8 36. Rxf3 Ne6 37. Be5+ Kg6 38. Rxf7 Kxf7 39. Kf3
Kg6 40. Ke4 g4 41. hxg4 hxg4 42. b4 c6 43. a4 Kg5 44. Bg3 Ng7 45. Be1 Nf5 46.
Bd2+ Kf6 47. Bf4 Ke6 48. a5 g3 49. Kf3 Kd5 50. Bb8 Kc4 51. Be5 g2 52. Kxg2 Ne3+
53. Kf3 Nd5 54. Ke2 Nxc3+ 55. Kd2 Nd5 0-1

[Event "MMK 2013 - OPEN"]
[Site "ul.Reymonta 22 - Krakow"]
[Date "2013.08.12"]
[Round "6.16"]
[White "Krajewski, Tomasz"]
[Black "Gosciniak, Maria"]
[Result "0-1"]
[WhiteElo "1858"]
[BlackElo "2098"]
[PlyCount "104"]
[EventDate "2013.??.??"]

1. f4 b6 2. Nf3 Bb7 3. e3 Nf6 4. d4 e6 5. c4 Bb4+ 6. Nc3 Ne4 7. Qc2 O-O 8. Bd3
f5 9. O-O Bxc3 10. bxc3 Qe8 11. Bxe4 Bxe4 12. Qe2 d6 13. a4 Nd7 14. a5 Nf6 15.
c5 Bxf3 16. gxf3 bxc5 17. dxc5 Qc6 18. cxd6 cxd6 19. Qd3 d5 20. Ba3 Rfc8 21.
Bb4 Qc4 22. Qd4 Qa6 23. Rf2 Rc4 24. Qd2 Rac8 25. Rg2 Kf7 26. h4 Qc6 27. Re1 Qc7
28. Rge2 Rg8 29. Rh2 Re8 30. h5 Rg8 31. Kf1 a6 32. Rd1 Qc6 33. Kf2 Rb8 34. Qe2
Qc7 35. h6 g6 36. Ke1 Rc8 37. Qd2 e5 38. fxe5 Qxe5 39. Rg2 Rh4 40. Kf2 Rcc4 41.
Re1 Rh2 42. Reg1 Rxh6 43. e4 Rh3 44. exd5 Ng4+ 45. Rxg4 fxg4 46. Rg2 Rxf3+ 47.
Kg1 Rcf4 48. Re2 Re4 49. Rxe4 Qxe4 50. Bd6 Qb1+ 51. Kh2 Rh3+ 52. Kg2 Qh1+ 0-1

[Event "MMK 2013 - OPEN"]
[Site "ul.Reymonta 22 - Krakow"]
[Date "2013.08.12"]
[Round "6.17"]
[White "Low, Zhen Yu Cyrus"]
[Black "Slabek, Grzegorz"]
[Result "0-1"]
[WhiteElo "1769"]
[BlackElo "2056"]
[PlyCount "93"]
[EventDate "2013.??.??"]

1. e4 d5 2. exd5 Nf6 3. d4 Nxd5 4. Nf3 Bf5 5. Bd3 Qc8 6. O-O g6 7. a3 Bg7 8. c4
Nb6 9. Re1 Bg4 10. c5 Nd5 11. Bc4 c6 12. Bg5 e6 13. Nbd2 O-O 14. Qb3 h6 15. Bh4
Nd7 16. Bg3 b5 17. Bxd5 exd5 18. Bd6 Re8 19. Rxe8+ Qxe8 20. Re1 Be6 21. Qe3 a5
22. h3 Qc8 23. Nf1 Qa6 24. b3 b4 25. a4 Re8 26. Ng3 Kh7 27. Qd2 Kg8 28. h4 Nf6
29. Qe2 Qc8 30. Qd3 Ne4 31. Nxe4 Bf5 32. Nfd2 Bxe4 33. Nxe4 f5 34. Qg3 Kh7 35.
h5 Re6 36. Ng5+ hxg5 37. hxg6+ Kxg6 38. Rxe6+ Qxe6 39. Qe3 Qe4 40. Be7 Bxd4 41.
Qxg5+ Kf7 42. Bd6 Qe1+ 43. Kh2 Qe6 44. Qh5+ Kg7 45. Qg5+ Kf7 46. Qh5+ Kg7 47.
Qg5+ 0-1

[Event "MMK 2013 - OPEN"]
[Site "ul.Reymonta 22 - Krakow"]
[Date "2013.08.12"]
[Round "6.18"]
[White "Sumin, Vladyslav"]
[Black "Zaboklicki, Zbigniew"]
[Result "1/2-1/2"]
[WhiteElo "2037"]
[BlackElo "1790"]
[PlyCount "71"]
[EventDate "2013.??.??"]

1. d4 d5 2. c4 c6 3. Nc3 Nf6 4. Nf3 a6 5. e3 e6 6. Bd3 dxc4 7. Bxc4 b5 8. Bd3
Bb7 9. O-O Nbd7 10. e4 c5 11. d5 c4 12. Bc2 Qb6 13. Bf4 Bc5 14. b3 cxb3 15.
Bxb3 exd5 16. Nxd5 Nxd5 17. Bxd5 O-O 18. Bxb7 Qxb7 19. e5 Be7 20. Rc1 Nc5 21.
Bg5 Rad8 22. Qc2 Ne6 23. Bxe7 Qxe7 24. Rfd1 h6 25. Qe4 Qa3 26. Qc2 Qb4 27. g3
Qg4 28. Qb3 Nf4 29. Qe3 Rxd1+ 30. Rxd1 Nh3+ 31. Kg2 Ng5 32. Rd4 Qxf3+ 33. Qxf3
Nxf3 34. Kxf3 Rc8 35. Rd2 Rc7 36. Ke3 {nieczytelne} 1/2-1/2

[Event "MMK 2013 - OPEN"]
[Site "ul.Reymonta 22 - Krakow"]
[Date "2013.08.12"]
[Round "6.19"]
[White "Kohtz, Andreas"]
[Black "Kolodziej, Krzysztof"]
[Result "1-0"]
[WhiteElo "2034"]
[BlackElo "1647"]
[PlyCount "53"]
[EventDate "2013.??.??"]

1. d4 Nf6 2. Nf3 g6 3. Bf4 Bg7 4. e3 O-O 5. Be2 d6 6. h3 Nbd7 7. O-O c5 8. Nbd2
b6 9. c3 Bb7 10. a4 Rc8 11. a5 cxd4 12. cxd4 Nd5 13. Bh2 e5 14. dxe5 dxe5 15.
Nc4 e4 16. Nd4 Ba8 17. Nd6 Rc3 18. bxc3 Nxc3 19. Qd2 Bxd4 20. Bg4 Bg7 21. axb6
Nxb6 22. Rxa7 f5 23. Rxg7+ Kxg7 24. Qxc3+ Kg8 25. Bd1 Rf6 26. Bb3+ Kf8 27. Qb4
1-0

[Event "MMK 2013 - OPEN"]
[Site "ul.Reymonta 22 - Krakow"]
[Date "2013.08.12"]
[Round "6.20"]
[White "Kyrychenko, Maryan"]
[Black "Sanetra, Szymon"]
[Result "1-0"]
[WhiteElo "1711"]
[BlackElo "2010"]
[PlyCount "75"]
[EventDate "2013.??.??"]

1. e4 c6 2. d4 d5 3. e5 Bf5 4. Nf3 e6 5. Be2 Nd7 6. Be3 Ne7 7. O-O Bg6 8. Bd3
Bxd3 9. Qxd3 h5 10. Nbd2 Nf5 11. Rfe1 Be7 12. Nf1 h4 13. h3 Rc8 14. Rac1 a6 15.
c3 Qa5 16. a3 Qb5 17. Qxb5 cxb5 18. Bd2 Nb6 19. Ne3 Nxe3 20. fxe3 Nc4 21. Rb1
f5 22. exf6 gxf6 23. e4 Kf7 24. Re2 Rcg8 25. Rf1 Rh5 26. Be1 dxe4 27. Rxe4 Nxb2
28. Re2 Nc4 29. Bxh4 Nxa3 30. g4 Bd6 31. Kh1 Rxh4 32. Nxh4 Rh8 33. Nf3 Rxh3+
34. Kg2 Rg3+ 35. Kf2 Rxg4 36. Ke1 Ke7 37. Rh1 Rg7 38. d5 1-0

[Event "MMK 2013 - OPEN"]
[Site "ul.Reymonta 22 - Krakow"]
[Date "2013.08.12"]
[Round "6.22"]
[White "Luczka, Szymon"]
[Black "Ruffenach, Alain"]
[Result "1-0"]
[WhiteElo "1648"]
[BlackElo "1934"]
[PlyCount "65"]
[EventDate "2013.??.??"]

1. e4 g6 2. d4 Bg7 3. Nf3 d6 4. Nc3 Nf6 5. h3 O-O 6. Be3 c6 7. a4 Nbd7 8. Qd2
Qa5 9. Be2 b5 10. b4 Qxb4 11. Rb1 Qa5 12. axb5 c5 13. O-O cxd4 14. Nxd4 Bb7 15.
Nc6 Bxc6 16. bxc6 Ne5 17. Nd5 Qxd2 18. Nxe7+ Kh8 19. Bxd2 Nxe4 20. Ba5 Rae8 21.
c7 Rxe7 22. Rb8 Rxc7 23. Rxf8+ Bxf8 24. Bxc7 Nc3 25. Ba6 Nd5 26. Bxd6 Bxd6 27.
Rd1 Nb4 28. Rxd6 Nxc2 29. f4 Nf3+ 30. gxf3 Ne3 31. Bd3 Kg7 32. Rd4 a5 33. Bb1
1-0

[Event "MMK 2013 - OPEN"]
[Site "ul.Reymonta 22 - Krakow"]
[Date "2013.08.12"]
[Round "6.23"]
[White "Zegota, Andrzej"]
[Black "Carre, Sylvain"]
[Result "0-1"]
[WhiteElo "1774"]
[BlackElo "2120"]
[PlyCount "60"]
[EventDate "2013.??.??"]

1. d4 d5 2. Nf3 Nf6 3. c4 c6 4. Nc3 e6 5. e3 Nbd7 6. Bd3 dxc4 7. Bxc4 b5 8. Bd3
Bb7 9. O-O a6 10. e4 c5 11. e5 cxd4 12. exf6 dxc3 13. Re1 Nxf6 14. bxc3 Be7 15.
Nd4 Qd5 16. f3 O-O 17. Qe2 Rac8 18. Bb2 Rfd8 19. a4 b4 20. cxb4 Bxb4 21. Red1
Bc5 22. Kf1 Qh5 23. Nb3 Ba7 24. h3 Nd5 25. Nd4 Nf4 26. Qd2 e5 27. Nf5 Rxd3 28.
Ne7+ Kh8 29. Nxc8 Rxf3+ 30. Ke1 Qh4+ 0-1

[Event "MMK 2013 - OPEN"]
[Site "ul.Reymonta 22 - Krakow"]
[Date "2013.08.12"]
[Round "6.24"]
[White "Oestreicher, Hans-ulrich"]
[Black "Golda, Sebastian"]
[Result "1/2-1/2"]
[WhiteElo "2090"]
[BlackElo "1676"]
[PlyCount "72"]
[EventDate "2013.??.??"]

1. Nf3 Nf6 2. g3 c5 3. Bg2 Nc6 4. O-O g6 5. c4 Bg7 6. d4 cxd4 7. Nxd4 O-O 8.
Nc3 Qb6 9. Nc2 d6 10. b3 a6 11. Bb2 Rd8 12. e4 e6 13. Qd2 Qc7 14. Rac1 Rb8 15.
Ne3 Qd7 16. Rfd1 b6 17. Qe2 Qa7 18. Kh1 Bb7 19. Rc2 Ba8 20. Rcd2 Qc7 21. Kg1
Rd7 22. c5 dxc5 23. Rxd7 Nxd7 24. Qxa6 Nd4 25. Qd3 Ne5 26. Qf1 Nec6 27. Nb5 Qe7
28. Nxd4 Nxd4 29. Nc4 b5 30. Bxd4 Bxd4 31. Na3 Bc6 32. b4 Bb2 33. Nc2 c4 34. a4
bxa4 35. Qxc4 Bb5 36. Qa2 Bc3 1/2-1/2

[Event "MMK 2013 - OPEN"]
[Site "ul.Reymonta 22 - Krakow"]
[Date "2013.08.12"]
[Round "6.25"]
[White "Jedrocha, Katarzyna"]
[Black "Blaszczak, Pawel"]
[Result "0-1"]
[WhiteElo "1717"]
[BlackElo "2039"]
[PlyCount "46"]
[EventDate "2013.??.??"]

1. e4 e5 2. Nf3 Nc6 3. d4 exd4 4. Nxd4 Nf6 5. Nxc6 bxc6 6. Bd3 d5 7. e5 Ng4 8.
O-O Bc5 9. Bf4 g5 10. Bg3 h5 11. h3 h4 12. Bh2 Nxh2 13. Kxh2 g4 14. Nc3 g3+ 15.
Kh1 gxf2 16. Na4 Be3 17. Qf3 Qg5 18. Nc3 Qg3 19. Be2 Bf4 20. Qxg3 hxg3 21. Nd1
Bxe5 22. c4 Be6 23. Bf3 Bxh3 0-1

[Event "MMK 2013 - OPEN"]
[Site "ul.Reymonta 22 - Krakow"]
[Date "2013.08.12"]
[Round "6.26"]
[White "Uscinski, Michal"]
[Black "Chmiel, Marcin"]
[Result "0-1"]
[WhiteElo "1716"]
[BlackElo "2028"]
[PlyCount "36"]
[EventDate "2013.??.??"]

1. e4 e5 2. d4 exd4 3. Qxd4 Nc6 4. Qe3 Nf6 5. Bd2 Be7 6. Nc3 d5 7. exd5 Nxd5 8.
Nxd5 Qxd5 9. Bc3 Bf5 10. Rd1 Qxa2 11. Bd3 Bxd3 12. Rxd3 Qe6 13. Qxe6 fxe6 14.
Ne2 O-O 15. O-O Rad8 16. Re3 Bc5 17. Rxe6 Rxf2 18. Rxf2 Rd1+ 0-1

[Event "MMK 2013 - OPEN"]
[Site "ul.Reymonta 22 - Krakow"]
[Date "2013.08.12"]
[Round "6.27"]
[White "Madej, Roman"]
[Black "Corti, Massimo"]
[Result "1-0"]
[WhiteElo "1637"]
[BlackElo "2008"]
[PlyCount "26"]
[EventDate "2013.??.??"]

1. d4 e6 2. c4 Nf6 3. Nc3 b6 4. Nf3 Bb4 5. Qc2 Bb7 6. e3 Ne4 7. Bd3 f5 8. O-O
Nxc3 9. bxc3 Be7 10. e4 g6 11. Bh6 Nc6 12. d5 Na5 13. exf5 Nb3 1-0

[Event "MMK 2013 - OPEN"]
[Site "ul.Reymonta 22 - Krakow"]
[Date "2013.08.13"]
[Round "7.1"]
[White "Barski, Radoslaw"]
[Black "Shilov, Sergej"]
[Result "1/2-1/2"]
[WhiteElo "2268"]
[BlackElo "2206"]
[PlyCount "59"]
[EventDate "2013.??.??"]

1. e4 e5 2. Nf3 Nc6 3. Bb5 a6 4. Ba4 Nf6 5. O-O Nxe4 6. d4 b5 7. Bb3 d5 8. dxe5
Be6 9. Qe2 Be7 10. Rd1 Na5 11. c3 Nxb3 12. axb3 O-O 13. b4 c5 14. bxc5 Bxc5 15.
Nd4 Bd7 16. Qh5 Re8 17. Bf4 b4 18. Nd2 Qc8 19. Nxe4 dxe4 20. h3 bxc3 21. bxc3
Bf8 22. Qe2 a5 23. c4 a4 24. Rdc1 Bc6 25. Nb5 Bxb5 26. cxb5 Qb7 27. Rc6 Ra5 28.
Ra6 Ra8 29. Rxa8 Rxa8 30. Qc4 1/2-1/2

[Event "MMK 2013 - OPEN"]
[Site "ul.Reymonta 22 - Krakow"]
[Date "2013.08.13"]
[Round "7.2"]
[White "Bus, Konrad"]
[Black "Buscara, Sevan"]
[Result "1-0"]
[WhiteElo "2066"]
[BlackElo "2330"]
[PlyCount "49"]
[EventDate "2013.??.??"]

1. c4 e5 2. g3 Nf6 3. Bg2 Bc5 4. Nc3 O-O 5. e3 Nc6 6. Nge2 d6 7. O-O Bg4 8. h3
Bh5 9. Na4 e4 10. g4 Bg6 11. Nf4 Ne5 12. b3 Qd7 13. Bb2 Rae8 14. g5 Bf5 15.
gxf6 g5 16. Nxc5 dxc5 17. Qh5 Kh8 18. Bxe5 Rxe5 19. Nd5 Rxd5 20. cxd5 g4 21. h4
Rg8 22. Rac1 Qxd5 23. d3 Qe6 24. Rxc5 Bg6 25. Qe5 1-0

[Event "MMK 2013 - OPEN"]
[Site "ul.Reymonta 22 - Krakow"]
[Date "2013.08.13"]
[Round "7.3"]
[White "Watorek, Marcin"]
[Black "Gbyl, Andrzej"]
[Result "1/2-1/2"]
[WhiteElo "2116"]
[BlackElo "2198"]
[PlyCount "62"]
[EventDate "2013.??.??"]

1. d4 Nf6 2. Nf3 c5 3. d5 e6 4. c4 exd5 5. cxd5 d6 6. Nc3 g6 7. g3 Bg7 8. Bg2
O-O 9. O-O Re8 10. h3 a6 11. a4 Nbd7 12. Bf4 Nh5 13. Bg5 f6 14. Bd2 f5 15. Ng5
Nf8 16. e4 Bd4 17. Kh2 Bf6 18. Qc1 Ng7 19. Re1 h6 20. Ne6 Nfxe6 21. dxe6 Bxe6
22. Bxh6 Kh7 23. Bd2 Qd7 24. exf5 gxf5 25. Nd5 Bxd5 26. Bxd5 Re5 27. Bb3 Rae8
28. Qc4 b5 29. axb5 axb5 30. Qf4 c4 31. Bc2 Kg8 {nieczytelne} 1/2-1/2

[Event "MMK 2013 - OPEN"]
[Site "ul.Reymonta 22 - Krakow"]
[Date "2013.08.13"]
[Round "7.4"]
[White "Gola, Karol"]
[Black "Matviishen, Viktor"]
[Result "1/2-1/2"]
[WhiteElo "2184"]
[BlackElo "2070"]
[PlyCount "63"]
[EventDate "2013.??.??"]

1. e4 c5 2. Nf3 Nc6 3. Bb5 d6 4. Bxc6+ bxc6 5. O-O Bg4 6. h3 Bh5 7. d3 e5 8.
Nbd2 Nf6 9. Re1 Be7 10. c3 O-O 11. Qa4 Qc7 12. Nh4 Bg6 13. Nxg6 hxg6 14. d4
cxd4 15. cxd4 Nd7 16. Nf3 Rab8 17. Re2 c5 18. dxe5 dxe5 19. Bg5 Bxg5 20. Nxg5
Rb4 21. Qa3 Qc6 22. Rd1 Ra4 23. Qc3 Rd4 24. Red2 Nb6 25. Nf3 Rxd2 26. Rxd2 Qxe4
27. Qxc5 Qb1+ 28. Kh2 e4 29. Ng5 Qxa2 30. Qe7 Nd5 31. Qxe4 Nf6 32. Qb4 1/2-1/2